Výpočetní technika pro chemiky

Salvato in:
Dettagli Bibliografici
Autore principale: Slavíček, Emil, 1921-1977
Natura: Libro
Lingua:ceco
Pubblicazione: Praha: SNTL, 1983.
Edizione:1.vyd..
Soggetti:
Accesso online:Visualizza in OPAC
Tags: Aggiungi Tag
Nessun Tag, puoi essere il primo ad aggiungerne!!

MARC

LEADER 00000nam a2200000 a 4500
001 vtls008285606
003 VRT
005 20260127134424.0
008 190307s1983 xr 000 0 cze
035 |a SVKPOKN097085 
039 9 |a 201903071015  |b VLOAD  |c 200508101307  |d VLOAD 
040 |a SVKPOKN  |b slo  |c SK-BrSCK  |d SVKPO  |e AACR2 
041 0 |a cze 
044 |a xr  |c CZ 
080 |a 681.325.5:66.01 
100 1 |a Slavíček, Emil,  |d 1921-1977 
245 1 0 |a Výpočetní technika pro chemiky  |c Emil Slavíček 
250 |a 1.vyd.. 
260 |a Praha:  |b SNTL,  |c 1983. 
300 |a 444 str. 
653 |a počítače samočinné 
653 |a výpočtová technika 
910 |a svkponkat 
942 |2 udc  |c 12 
949 |6 273K0092218  |a svkpoA 130242  |b svkpo306849 
949 |6 3910058247  |a totkO004SLA  |b totk80292  |s 3100:20210803 
999 |c 12427  |d 12427